00666 2200229 4500001002100000005001700021008004100038035002400079090001500103100001300118245007400131250001000205260007100215300003100286500003100317650002400348850001500372980001300387985000600400999001500406999001500421YOGYA-0209000003265520090227024713.0 ind  0010-020900000032655 a920bSur N aSURATMIN aNyai Ahmad Dahlan pahlawan Nasionalbamal dan perjuangannyacSuratmin aCet.1 aYogyakartabPP Aisyiah Seksi Khusus Penerbitan dan Publikasic1990 aviii, 141 hlmbilusc21 cm aBibliografi : hlm. 111-113 aDahlan, Ahmad, Nyai aYOPDYOG(B) a21-01-07 a2 a06A0015165 a06A0015166